| 000 | 00580nam a2200193Ia 4500 | ||
|---|---|---|---|
| 003 | GCL | ||
| 008 | 140319s9999 xx 000 0 ara d | ||
| 040 |
_aGCL / _cGCL |
||
| 082 | 0 | 4 |
_a025.17 _bم ع |
| 100 | 1 | _aمحمد قبيسى | |
| 245 | 1 | 0 |
_aعلم التوثيق والحفظ فى الوطن العربى : كتاب يعالج دور الوثيقة فى الوطن العربى / _cمحمد قبيسى |
| 300 | _a125 ص | ||
| 490 | _a | ||
| 650 | 0 | 4 | _aالوطن العربى |
| 650 | 0 | 4 | _aالوثائق |
| 650 | 0 | 4 | _aترميم |
| 650 | 0 | 4 | _aحفظ |
| 942 |
_2ddc _cBK |
||
| 999 |
_c43959 _d43959 |
||